| 000 | 00752nas a2200241 4500 | ||
|---|---|---|---|
| 001 | BR7900093 | ||
| 003 | BR-BrBNA | ||
| 005 | 20231205083607.0 | ||
| 007 | ta | ||
| 008 | 230509b bl.|||p| |||| 00| 00por d | ||
| 040 |
_aBR-BrBNA _bpor _cBiblioteca Nacional de Agricultura |
||
| 041 | _a(Pt) | ||
| 072 | _aF30 | ||
| 100 | 1 | _aBarbosa, H.M. | |
| 245 | 1 | _aIsolamento e descricao fenotipica de endosperma duplo-mutantes de milho (Zea mays L.)envolvendo o gene farinaceo-2 | |
| 650 | _aMELHORAMENTO GENETICO VEGETAL | ||
| 650 | _aMILHO | ||
| 650 | _aENDOSPERMA | ||
| 650 | _aLINHAGEM | ||
| 773 | 0 |
_tExperientiae (Brazil) _xISSN 0014-4762 _g(Mar 1978), v. 24(3) p. 55-65 _wBR7900093 |
|
| 909 |
_a202311 _bLúcia _c55 _dLúcia Elande |
||
| 942 |
_2AGRIS _n0 _cANA |
||
| 999 |
_c99913 _d99913 |
||